Normal view
MARC view
- Lewis, G. E. D.
Entry Personal Name
001 - CONTROL NUMBER
- control field: 8145
003 - CONTROL NUMBER IDENTIFIER
- control field: OSt
005 - DATE AND TIME OF LATEST TRANSACTION
- control field: 20170525122217.0
008 - FIXED-LENGTH DATA ELEMENTS
- fixed length control field: 170525|| aca||aabn | a|a d
040 ## - CATALOGING SOURCE
- Original cataloging agency: OSt
- Transcribing agency: OSt
100 ## - HEADING--PERSONAL NAME
- Personal name: Lewis, G. E. D.
- Fuller form of name: (Gerwyn Elidor David)
670 ## - SOURCE DATA FOUND
- Source citation: Work cat.: (OSt)0: Lewis, G. E. D. (Gerwyn Elidor David), Out East in the Malay Peninsula /, 1991

PORTAL AKMAL
E-MEL JKDM
AKMAL2U
G-BAM
u-PUSTAKA